Historia económica de Europa (Registro nro. 5210)
[ vista simple ]
| 000 -LEADER | |
|---|---|
| fixed length control field | 01132 a2200193 4500 |
| 001 - CONTROL NUMBER | |
| control field | 53355 |
| 005 - DATE AND TIME OF LATEST TRANSACTION | |
| control field | 20260407155808.0 |
| 008 - FIXED-LENGTH DATA ELEMENTS--GENERAL INFORMATION | |
| fixed length control field | 260407a1948 arg spa d |
| 003 - CONTROL NUMBER IDENTIFIER | |
| control field | AR-UNSa-BCEJYS |
| 040 ## - CATALOGING SOURCE | |
| Original cataloging agency | AR-UNSa-BCEJYS |
| Language of cataloging | spa |
| Transcribing agency | AR-UNSa-BCEJYS |
| 080 ## - UNIVERSAL DECIMAL CLASSIFICATION NUMBER | |
| Universal Decimal Classification number | 94:33 |
| Common auxiliary subdivision | Historia económica |
| 100 1# - MAIN ENTRY--PERSONAL NAME | |
| Personal name | Clapham, John Harold |
| 245 10 - TITLE STATEMENT | |
| Title | Historia económica de Europa |
| Name of part/section of a work | desde la decadencia del imperio romano |
| 264 #1 - PRODUCTION, PUBLICATION, DISTRIBUTION, MANUFACTURE, AND COPYRIGHT NOTICE | |
| Place of production, publication, distribution, manufacture | Madrid : |
| Name of producer, publisher, distributor, manufacturer | Revista de Derecho Privado |
| Date of production, publication, distribution, manufacture, or copyright notice | 1948 |
| 300 ## - PHYSICAL DESCRIPTION | |
| Extent | 805 p. |
| Dimensions | 23 cm. |
| 505 ## - FORMATTED CONTENTS NOTE | |
| Formatted contents note | 1. El asentamiento y colonización de Europa - 2. La agricultura y la vida rural del último período del imperio romano - 3. La evolución de la técnica agrícola - 4. Las isntituciones agrarias de los reinos germanicos desde la centuria quinta a la novena - 5. Las condiciones de la vida agrícola en el imperio bizantino durante la edad media - 6. La aparición de las formas dependientes de cultivo de la tierra y las instituciones señoriales - 7. La sociedad agraria medieval en su apogeo - 8. La sociedad agraria medieval en su periodo de transición |
| 590 ## - LOCAL NOTE (RLIN) | |
| Local note | niveau_biblio:m niveau_hierar:0 |
| 942 ## - ADDED ENTRY ELEMENTS (KOHA) | |
| Koha item type | |
| Withdrawn status | Lost status | Damaged status | Not for loan | Home library | Current library | Shelving location | Date acquired | Total checkouts | Full call number | Barcode | Date last seen | Price effective from | Koha item type |
|---|---|---|---|---|---|---|---|---|---|---|---|---|---|
| Biblioteca Prof. Eusebio Cleto del Rey | Biblioteca Prof. Eusebio Cleto del Rey | 07/04/2026 | 94:33 C588 | L20748 | 07/04/2026 | 07/04/2026 | Libro |